000 00618nam a2200181Ia 4500
003 GCL
008 140319s9999 xx 000 0 ara d
040 _aGCL /
_cGCL
082 0 4 _aق
_b953.082
_bع م
100 1 _aعلى محمد حمودة
245 1 0 _aمصر ملاذ العالم الاسلامى: الظاهر بيبرس ومواقفه فى دحر التتار والصليبين /
_cعلى محمد حمودة
300 _a351 ص
490 _a100 قصة
_v0
650 0 4 _aالحروب الصليبية
650 0 4 _aالتاريخ الاسلامى
650 0 4 _aالظاهر بيبرس
942 _2ddc
_cBK
999 _c44328
_d44328